Instituciones de derecho procesal penal sistema acusatorio / (Registro nro. 7243)
[ vista simple ]
| 000 -LEADER | |
|---|---|
| fixed length control field | 01539nam a22002657a 4500 |
| 003 - CONTROL NUMBER IDENTIFIER | |
| control field | OSt |
| 005 - DATE AND TIME OF LATEST TRANSACTION | |
| control field | 20210218150206.0 |
| 008 - FIXED-LENGTH DATA ELEMENTS--GENERAL INFORMATION | |
| fixed length control field | 210218s2006 ck ||||gr|||| 001 0 spa d |
| 020 ## - INTERNATIONAL STANDARD BOOK NUMBER | |
| International Standard Book Number | 9588255260 |
| 040 ## - CATALOGING SOURCE | |
| Original cataloging agency | CO-JMCR |
| Transcribing agency | CO-JMCR |
| 041 0# - LANGUAGE CODE | |
| Language code of text/sound track or separate title | spa |
| 082 04 - DEWEY DECIMAL CLASSIFICATION NUMBER | |
| Classification number | 345.86105 / |
| Item number | E777i |
| Edition number | 23 |
| 100 1# - MAIN ENTRY--PERSONAL NAME | |
| Personal name | Espitia Garzón, Fabio, |
| Relator term | autor |
| 9 (RLIN) | 13663 |
| 245 10 - TITLE STATEMENT | |
| Title | Instituciones de derecho procesal penal sistema acusatorio / |
| Statement of responsibility, etc. | Fabio Espitia Garzón |
| 250 ## - EDITION STATEMENT | |
| Edition statement | Sexta edición |
| 260 ## - PUBLICATION, DISTRIBUTION, ETC. | |
| Place of publication, distribution, etc. | Bogotá : |
| Name of publisher, distributor, etc. | Grupo Editorial Ibáñez, |
| Date of publication, distribution, etc. | 2005 |
| 300 ## - PHYSICAL DESCRIPTION | |
| Extent | 541 páginas ; |
| Dimensions | 24 cm. |
| 500 ## - GENERAL NOTE | |
| General note | Incluye notas a pie de página e índices analítico y de jurisprudencia y resoluciones. |
| 504 ## - BIBLIOGRAPHY, ETC. NOTE | |
| Bibliography, etc. note | Bibliografía: páginas 539-541 |
| 505 0# - FORMATTED CONTENTS NOTE | |
| Formatted contents note | Antecedentes del proceso penal -- Normas rectoras -- La acción penal -- Estructura del proceso penal -- Partes e intervinientes -- Jurisdicción y competencia -- Impedimentos y recusaciones -- Actuación procesal -- Medios de impugnación -- Medios de conocimiento -- Medidas de coerción de carácter personal -- Aspectos patrimoniales del proceso penal -- Formas de terminación anticipada del proceso -- Principio de oportunidades -- Ineficacia de los actos procesales -- Extinción del derecho de dominio -- Procesos ante el congreso de la república -- Ejecución de sentencias -- Ámbito de aplicación de la Ley Procesal Penal |
| 650 14 - SUBJECT ADDED ENTRY--TOPICAL TERM | |
| Topical term or geographic name entry element | Derecho procesal |
| Geographic subdivision | Colombia |
| 9 (RLIN) | 10506 |
| 650 14 - SUBJECT ADDED ENTRY--TOPICAL TERM | |
| Topical term or geographic name entry element | Sistema acusatorio |
| Geographic subdivision | Colombia |
| 9 (RLIN) | 8845 |
| 650 14 - SUBJECT ADDED ENTRY--TOPICAL TERM | |
| Topical term or geographic name entry element | Procedimiento penal |
| Geographic subdivision | Colombia |
| 9 (RLIN) | 8846 |
| 942 ## - ADDED ENTRY ELEMENTS (KOHA) | |
| Source of classification or shelving scheme | Dewey Decimal Classification |
| Koha item type | Books |
| Withdrawn status | Lost status | Source of classification or shelving scheme | Damaged status | Not for loan | Collection code | Home library | Current library | Date acquired | Source of acquisition | Total Checkouts | Full call number | Barcode | Date last seen | Copy number | Price effective from | Koha item type |
|---|---|---|---|---|---|---|---|---|---|---|---|---|---|---|---|---|
| Dewey Decimal Classification | Non-fiction | Biblioteca Pública José María del Castillo y Rada | Biblioteca Pública José María del Castillo y Rada | 10/02/2020 | Donación | 345.86105 / E777i | 201810334 | 05/16/2024 | Ej.1 | 02/18/2021 | Books |